Statistics for Triple H's career opponents

Click here to take the quiz!

General Stats

  • This quiz has been taken 177 times
    (110 since last reset)
  • The average score is 56 of 121

Answer Stats

Answer % Correct
John Cena
97%
Ric Flair
94%
The Undertaker
94%
Randy Orton
91%
Edge
91%
Chris Jericho
91%
Batista
88%
Shawn Michaels
88%
The Big Show
88%
Kane
88%
Hulk Hogan
88%
The Rock
88%
"Stone Cold" Steve Austin
84%
Vince McMahon
84%
Brock Lesnar
81%
CM Punk
81%
Kevin Nash
81%
Chris Benoit
78%
Matt Hardy
78%
Bret "Hitman" Hart
78%
Roman Reigns
78%
Dean Ambrose
75%
Cactus Jack
75%
Shane McMahon
75%
Jeff Hardy
75%
Kurt Angle
75%
Seth Rollins
75%
Eddie Guerrero
75%
Booker T
72%
X-Pac
72%
Owen Hart
69%
Mark Henry
69%
Goldberg
69%
John Bradshaw Layfield
69%
Rob Van Dam
69%
The Ultimate Warrior
69%
Sheamus
69%
Dolph Ziggler
66%
Chyna
63%
Billy Gunn
63%
Daniel Bryan
63%
Sting
63%
Umaga
59%
Rikishi
59%
Razor Ramon
59%
Goldust
56%
Cody Rhodes
53%
John Morrison
53%
Alberto Del Rio
53%
The Godfather
50%
Test
50%
Yokozuna
50%
D-Von Dudley
47%
Viscera
47%
Jim "The Anvil" Neidhart
47%
Shelton Benjamin
47%
Scott Steiner
47%
The Great Khali
47%
The Hurricane
47%
Davey Boy Smith
47%
William Regal
47%
D'Lo Brown
47%
Rusev
44%
Vader
44%
Jeff Jarrett
44%
Al Snow
44%
Bubba Ray Dudley
41%
Ken Shamrock
41%
Tazz
41%
MVP
41%
Hardcore Holly
38%
Brian Pillman
38%
Carlito Caribbean Cool
38%
Bart Gunn
38%
Jack Swagger
38%
Spike Dudley
34%
Jinder Mahal
34%
Curtis Axel
34%
Eugene
34%
Mr. Kennedy
34%
Lance Storm
31%
Sid
31%
Big Bossman
31%
Sgt. Slaughter
31%
Crush
28%
Chavo Guerrero Jr.
28%
Tajiri
28%
Marc Mero
28%
Jake "The Snake" Roberts
28%
Kenny Dykstra
28%
Maven
28%
Vladimir Kozlov
25%
Henry O. Godwinn
25%
Ricky "The Dragon" Steamboat
22%
Savio Vega
22%
Duke "The Dumpster" Droese
22%
Jim Ross
19%
Snitsky
19%
Barry Horowitz
16%
Aldo Montoya
16%
8-Ball
16%
Ahmed Johnson
16%
Keith Cole
16%
Rosey
16%
Barry Windham
13%
Taka Michinoku
9%
Alex Wright
9%
Terry Taylor
9%
Larry Zbyszko
9%
Freddie Joe Floyd
9%
Alex Porteau
9%
Scott Armstrong
6%
The Patriot
3%
Darren Drozdov
3%
Jesse Jammes
3%
Gillberg
3%
Scott Taylor
3%
Buddy Landell
0%
Erik Watts
0%
Bushwhacker Butch
0%
Pez Whatley
0%

Score Distribution

Percentile by Number Answered

Percent of People with Each Score

Your Score History

You have not taken this quiz since the last reset